zpět

Detail výsledku týmu

Kayak Beach Bar , Praha

Datum a čas kvízu

36.5 Celkem bodů Celkový počet nahraných bodů na tomto kvízu bez doplňovacích otázek.
2. Pořadí na kvízu Konečné umístění týmu na tomto kvízu.

Zaznamenané odpovědi

# Otázka Odpověď Body Výsledky
1. Který prezidentský kandidát se... Karel Janeček 1
2. Dvaasedmdesátiletou pacientku... v Německu 1
3. Minulý týden byla na seznam ne... vorařství 1
4. V úterý ráno detektivové z Nár... Xixoio 1
5. Jeden z favoritů mistrovství s... Japonsko 1
6. V tomto tématu se podíváme na... 1A 2D 3B 4C 1
7. V následujících slovech se na... 1C 2B 3D 4A 1
8. Podívejme se teď na místní jmé... C 0
9. V následujících slovech je vyn... B 0
10. Na závěr se podíváme na několi... B 1